000 01045nam0a22003131 4500
001 RU\INFOCOMM_327\NLR\5000011451
005 20250613111641.0
035 _a(NLR Aleph) 009592515
090 _a9259223
_c9259223
100 _a20121212d1969 |||y0rusy50 ca
101 0 _aspa
102 _aRU
105 _ay z |||||
200 1 _aDinastía obrera
_e[Historia de la familia obrera de los Románov]
_fM. Koroliov y M. Stepichev
210 _aM.
_c"Progreso"
_d[1969]
215 _a120 с.
_d16 см
300 _aНа обороте тит. л.: М. Королев, М. Степичев. Рабочая династия
620 _aМосква
686 _aИр2860
_2rubbk
686 _aТ3(2)0-24
_2rubbk
700 1 _9z02790
_aKorolev
_bM. J.
_gMichail Jakovlevič
701 1 _9z03790
_aStepičev
_bM. I.
_gMichail Iosifovič
790 1 _9z02700
_aKoroliov
_bM.
_4070
790 1 _9z03701
_aStepichev
_bM.
_4070
801 1 _aRU
_bNLR
_c20121212
801 0 _aRU
_bINFOCOMM
_gPSBO
852 _aNLR
_jир51 Д-1/28
942 _cBOOK
980 _aNB